LDR 01238naa#a2200217#i#450# 001 RU\\bibl\123255 005 20260602232610.2 011 ## _a2782-5957 100 ## _a20260529b2026####ek#y0rusy0150####ca 102 ## _aRU 200 1# _aФОРМИРОВАНИЕ ПОДХОДОВ ПРЕДИКТИВНОЙ АНАЛИТИКИ ТОиР АВТОМОБИЛЬНОГО ПАРКА НА ОСНОВЕ ВЫБОРА МОДЕЛЕЙ И АЛГОРИТМОВ _eЖурнальная статья 210 1# _aБрянск _cБрянский государственный технический университет _d2026 215 ## _a10 с. 608 ## _aЖурнальная статья _2local 675 ## _aИсследование поведения объекта на основе его математической модели. 004.942 _a(Автомобили. Автомобилестроение). 629.113 _z 686 ## _aАвтодорожный транспорт. 393 _2bbk 700 #1 _aЗаяц _gЮрий Александрович 700 #1 _aЗагородний _gНиколай Александрович 700 #1 _aСемыкина _gАлла Сергеевна 700 #1 _aПестов _gАлександр Андреевич 856 4# _anaukaru.ru _u